Codex alimentarius : higiene de los alimentos, textos básicos. /
Guardado en:
| Autores Corporativos: | , |
|---|---|
| Formato: | Libro |
| Idioma: | Spanish |
| Publicado: |
Roma :
FAO : OMS,
1999.
|
| Etiquetas: |
Agregar Etiqueta
Sin Etiquetas, Sea el primero en etiquetar este registro!
|
| LEADER | 00607nam a22001815a 4500 | ||
|---|---|---|---|
| 001 | EEA.libagro006409 | ||
| 005 | 20180622120238.0 | ||
| 008 | 130809s1999####it#a##########000#0#spa#d | ||
| 020 | |a 9253040211 | ||
| 022 | |a 1020-2579 | ||
| 082 | 0 | 4 | |a 641.3 |
| 082 | 0 | 4 | |a 614.3 |
| 245 | 1 | 0 | |a Codex alimentarius : |b higiene de los alimentos, textos básicos. / |c FAO. |
| 260 | |a Roma : |b FAO : |b OMS, |c 1999. | ||
| 300 | |a 74 p. : |b il. | ||
| 710 | 2 | |a Organización de las Naciones Unidas para la Agricultura y la Alimentación. | |
| 710 | 2 | |a Organización Mundial de la Salud. | |
| 859 | |a AR-BbBCA |b BIB. AGRONOMIA |h 641.3 |i F218-3 |p 1999/3770 | ||
